|
|
|
|
| LEADER |
00000nam a2200000 a 4500 |
| 001 |
vtls001469409 |
| 003 |
SK-MaSNL |
| 005 |
20260301014746.0 |
| 008 |
180812s1924 xo 0 slo |
| 015 |
|
|
|a SNBA19191938-000771
|
| 035 |
|
|
|a SNK000424714
|
| 040 |
|
|
|a SNK
|b slo
|c SNK
|e AACR2
|
| 041 |
0 |
|
|a slo
|
| 044 |
|
|
|a xo
|c SK
|
| 080 |
|
|
|a 885.4-3
|2 1981
|
| 100 |
1 |
|
|a Bodnár, Július,
|d 1870-1935
|4 aut
|9 86006
|
| 245 |
1 |
0 |
|a Nevyhýbaj škole
|b dľa skutočnej udalosti
|c Július Bodnár
|
| 250 |
|
|
|a (2. vyd.)
|
| 260 |
|
|
|a Myjava
|b Daniel Pažický
|c 1924
|e Myjava
|f Daniel Pažický
|
| 300 |
|
|
|a 16 s.
|c 8°
|
| 500 |
|
|
|a Frontispice
|
| 655 |
|
7 |
|a slovenské príbehy
|2 SNKPH
|9 70494
|
| 655 |
|
7 |
|a literatúra pre deti
|2 SNKPH
|9 87135
|
| 958 |
|
|
|a ONDV
|
| 958 |
|
|
|a RK
|
| 958 |
|
|
|a TL
|
| 999 |
|
|
|c 559151
|d 561081
|
| 952 |
|
|
|t P60, <04>, [BOOK], {604}
|a SNK
|b SNK
|y PREZ
|7 0
|p 17A0413144
|o snkSD 845/6 D1
|i snkIII. 496/49
|0 0
|1 0
|4 0
|d 2004-02-24
|l 0
|r 2005-01-02 00:00:00
|w 2026-02-23
|